000 01565nam a2200493 i 4500
001 5743
003 KOSZ 005
005 20190919120257.0
008 131209s1992 pl f |001 0 pol
015 _aPB 2014/2022
035 _a991019527649705066
035 _a(PL-WaBN)b29690365-48omnis_nlop
035 _ab29690365
035 _a(OCoLC)749652114
035 _a(PL)b0000002969036
035 _a(EXLNZ-48OMNIS_NETWORK)9910039833105606
040 _aWA N
_cWA N
_dKOSZ 005/EG
041 1 _apol
_hger
046 _k1989
080 _a339.138
080 _a(083.1)
100 1 _aBloos, Joachim
_eAutor
245 1 0 _aMarketing praktyczny /
_cJoachim Bloos ; tł. z jęz. niem. Zygmunt Jaroszewski.
246 3 0 _iTyt. oryg.:
_aMarketing,
_f1989
260 _aWarszawa :
_bBuyar Marketing,
_c1992.
300 _a192 s. ;
_c21 cm.
336 _2rdacontent
_aTekst
_btxt
337 _2rdamedia
_aBez urządzenia pośredniczącego
_bn
338 _2rdacarrier
_aWolumin
_bnc
380 _aKsiążki
380 _aPublikacje fachowe
388 _a1901-2000
388 _a1989-2000
500 _aNa książce wyłącznie ISBN oryg.
504 _aBibliogr. s. 190. Indeks.
650 7 _aMarketing
_2DBN
655 7 _aPoradniki
_2DBN
658 _aZarządzanie i marketing
700 1 _aJaroszewski, Zygmunt
_eTłumaczenie
710 2 _aBuyar Marketing
_4pbl
856 _uhttp://koha.tu.koszalin.pl/cgi-bin/koha/opac-detail.pl?biblionumber=5743
_yKatalog online BPK
942 _2UKD
_cKS
999 _c5743
_d5743